00691cam a2200181 a 4500008004100000020001500041082002400056100003200080245004700112250001200159260004000171300002900211440003000240504005100270650007000321856006300391856005500454931119s1993 enka b 001 0 eng  a075061647400a623.8503220bM14541 aMcGeorge, H. D.q(H. David)10aMarine electrical equipment and practice / a2nd ed. aOxford ;aBoston :bNewnes,cc1993. a158 p. :bill. ;c21 cm. 0aMarine engineering series aIncludes bibliographical references and index. 0aShipsxElectric equipmentzGreat BritainxMaintenance and repair.42uhttp://www.loc.gov/catdir/description/els032/93234036.html41uhttp://www.loc.gov/catdir/toc/els032/93234036.html